| 000 | 01519nam a2200409 i 4500 | ||
|---|---|---|---|
| 001 | DIGVERBUM1320 | ||
| 003 | NyNyDIG | ||
| 006 | m o d | ||
| 007 | cr ||||||||||| | ||
| 008 | 210308s2016 sp o 000 0 spa d | ||
| 035 | _a(OCoLC)1244769634 | ||
| 040 |
_aDGITA _beng _erda _epn _cDGITA |
||
| 020 | _z9788490742938 | ||
| 050 | 1 | 4 | _aDC707 ebook |
| 100 | 1 |
_aGarcía Aguilar, Eduardo, _eauthor. |
|
| 245 | 1 | 0 |
_aParis exprés : _bcrónicas parisinas del siglo XXI / _cEduardo García Aguilar. |
| 264 | 1 |
_aMadrid : _bEditorial Verbum, _c[2016] |
|
| 300 | _a1 online resource. | ||
| 336 |
_atext _btxt _2rdacontent |
||
| 337 |
_acomputer _bc _2rdamedia |
||
| 338 |
_aonline resource _bcr _2rdacarrier |
||
| 347 |
_atext file _2rdaft |
||
| 347 | _bPDF | ||
| 490 | 1 | _aVerbum Narrativa | |
| 588 | 0 | _aOnline resource; title from PDF title page (Digitalia, viewed March 8, 2021) | |
| 650 | 0 |
_aLiterary landmarks _zFrance _zParis. |
|
| 651 | 0 |
_aParis (France) _xDescription and travel. |
|
| 651 | 0 |
_aParis (France) _xCivilization _y21st century. |
|
| 655 | 0 | _aElectronic books. | |
| 791 | 2 |
_aDigitalia (Firm), _edistributor. |
|
| 793 | 0 |
_gDigitalia eBook Collection: _aVerbum |
|
| 776 | 0 | 8 |
_iPrint version: _aGarcía Aguilar, Eduardo. _tParis exprés. _dMadrid : Editorial Verbum, [2016] _z9788490742938 _w(OCoLC)956335948 |
| 830 | 0 | _aNarrativa (Editorial Verbum) | |
| 856 | 4 | 0 |
_3Digitalia Hispánica _uhttps://www.digitaliapublishing.com/a/58003/ |
| 910 | _aPremium collection: 2021 | ||
| 942 | _cRAA | ||
| 999 |
_c255672 _d255672 |
||